| 000 | 01654nam1a2200265 i 4500 | ||
|---|---|---|---|
| 001 | RU\NLR\BIBL_A\011431199 | ||
| 005 | 20260407141629.0 | ||
| 035 | _a(NLR Aleph) 011431199 | ||
| 090 |
_a11653690 _c11653690 |
||
| 100 | _a20170627g20159999u y0rusy50 ca | ||
| 101 | 0 | _arus | |
| 102 | _aRU | ||
| 105 | _a||||z|||||||| | ||
| 200 | 1 |
_aИз опыта работы библиотек- лауреатов премии Министерства культуры Нижегородской области в области библиотечного дела ... _fМинистерство культуры Нижегородской области, Нижегородская государственная областная универсальная научная библиотека им. В.И. Ленина _g[составитель: М.Б. Кувшинова] |
|
| 210 |
_aНижний Новгород _cРИО ГБУК НО _d2015 |
||
| 215 | _d20 | ||
| 606 | 1 |
_aБиблиотеки _jСборники _xОрганизация работы _yНижегородская область _92331876 _3RU\NLR\AUTH\6601618534 |
|
| 686 | 1 | _aЧ734(2Р-4Ни)я43 | |
| 702 | 1 |
_4220 _7ca _8rus _aКувшинова _bМ. Б. _gМаргарита Борисовна _9192841 _3RU\NLR\AUTH\770192892 |
|
| 712 | 0 | 2 |
_4570 _aНижегородская государственная областная универсальная научная библиотека им. В. И. Ленина _3RU\NLR\AUTH\8810009819 _9517378 |
| 852 |
_aNLR _jБ |
||
| 942 | _cBOOK | ||